000 00737cab a2200217 4500
001 WB3339-27
008 090401t1997 xxu||||| |||| 00| 0 eng d
035 _a(Sirsi) u81305
041 _aeng
245 _aRICS explores the future of farming
260 _c1997
350 _a0
490 _aRICS Press Release
_v(pr104.rur) 6 October 1997 (2)
520 _aThe uncertain economic situation facing UK farmers is the subject of a briefing document issued by RICS, "Farming incomes and the changing need for surveying services". Copies available from Joanne Lewis 0171 334 3739.
650 _aBRIEFING PAPER
650 _aFARM INCOMES
650 _aSURVEYORS
690 _aRURAL PRACTICE
942 _n0
948 _c07/10/1997
999 _c51226
_d51226